Les 100 villes les plus peuplées du Japon sur une carte - Statistiques

Statistiques générales
  • Ce quiz a été pris 1 328 fois
  • Le résultat moyen est 19 sur 100
Réponses sur la Carte
Les réponses sont colorées sur une échelle allant du rouge au vert en fonction du pourcentage des utilisateurs qui les ont devinées à leur premier essai. Vous pouvez retrouver ces pourcentages ci-dessous.
 
Statistiques - réponses
Ville Population % Correct
Tōkyō 9,733,276
100%
Ōsaka 2,752,412
95%
Kyōto 1,463,723
92%
Hiroshima 1,200,754
87%
Nagasaki 409,118
81%
Nagoya 2,332,176
76%
Sapporo 1,973,395
76%
Kōbe 1,525,152
68%
Yokohama 3,777,491
63%
Fukuoka 1,612,392
59%
Fukushima 282,693
56%
Sendai 1,096,704
45%
Nara 354,630
44%
Saitama 1,324,025
43%
Chiba 974,951
37%
Niigata 789,275
32%
Kawasaki 1,538,262
30%
Kagoshima 593,128
29%
Nagano 372,760
28%
Kumamoto 738,865
27%
Naha 317,625
27%
Okayama 724,691
27%
Aomori 275,192
26%
Kitakyūshū 939,029
26%
Shizuoka 693,389
25%
Miyazaki 401,339
23%
Hamamatsu 790,718
20%
Ōita 475,614
20%
Akita 307,672
19%
Fuji 245,392
19%
Kanazawa 463,254
19%
Gifu 402,557
18%
Himeji 530,495
18%
Toyota 422,330
18%
Saga 233,301
17%
Sakai 826,161
17%
Wakayama 356,729
17%
Hakodate 251,084
16%
Kōchi 326,545
16%
Toyama 413,938
16%
Matsuyama 511,192
13%
Fukui 262,328
12%
Tokushima 252,391
12%
Matsumoto 241,145
11%
Takamatsu 417,496
11%
Tsu 274,537
11%
Utsunomiya 518,757
11%
Yamagata 247,590
10%
Ibaraki 287,730
9%
Morioka 289,731
9%
Ōtsu 345,070
9%
Asahikawa 329,306
8%
Fukuyama 460,930
8%
Funabashi 642,907
8%
Sagamihara 725,493
8%
Hachiōji 579,355
7%
Higashiōsaka 493,940
7%
Kashiwa 426,468
7%
Kawagoe 354,571
7%
Kawaguchi 594,274
7%
Kurashiki 474,592
7%
Kurume 303,316
7%
Shimonoseki 255,051
7%
Mito 270,685
6%
Okazaki 384,654
6%
Sasebo 243,223
6%
Takasaki 372,973
6%
Yokosuka 388,078
6%
Akashi 303,601
5%
Amagasaki 459,593
5%
Machida 431,079
5%
Maebashi 332,149
5%
Matsudo 498,232
5%
Toyohashi 371,920
5%
Yao 264,642
5%
Fuchū 262,790
4%
Fujisawa 436,905
4%
Hirakata 397,289
4%
Ichikawa 496,676
4%
Ichinomiya 380,073
4%
Iwaki 332,931
4%
Kōriyama 327,692
4%
Nagaoka 266,936
4%
Nishinomiya 485,587
4%
Takatsuki 352,698
4%
Toyonaka 401,558
4%
Tsukuba 241,656
4%
Yokkaichi 305,424
4%
Chigasaki 242,389
3%
Chōfu 242,614
3%
Hiratsuka 258,422
3%
Ichihara 269,524
3%
Kakogawa 260,878
3%
Kasugai 308,681
3%
Koshigaya 341,621
3%
Sōka 248,304
3%
Suita 385,567
3%
Tokorozawa 342,464
3%
Yamato 239,169
3%
Kasukabe 229,792
2%
Aucun quiz correspondant
Distribution des résultats
% des personnes avec chaque résultat
Percentile par nombre de réponses
Votre historique - résultats
Vous n’avez pas pris ce quiz